| 000 | 01397nam a2200397 a 4500 | ||
|---|---|---|---|
| 001 | 000112175 | ||
| 003 | CHAP | ||
| 005 | 20220329144249.0 | ||
| 008 | 151215s2015 cl ad |r| |||0|||spa d | ||
| 010 | _a108636 | ||
| 011 | _a109608 | ||
| 020 | _a9789561909250 | ||
| 040 | _cCHAP | ||
| 082 | 1 |
_a634.645 _bB29 |
|
| 245 | 0 | 0 |
_aBases para el cultivo del granado en Chile / _ceditado por José Luis Henríquez S. y Nicolás Frank B. |
| 260 |
_aSantiago de Chile : _bUniversidad de Chile Facultad de Cienias Agronómicas, _c2015. |
||
| 300 |
_a317 p. : _bil., gráfs. |
||
| 490 | 1 |
_aSerie Ciencias Agronómicas _v25 |
|
| 590 |
_aE11695DGD _b10 _c20160113 _lUCH01 _h1056 |
||
| 590 |
_aE11695DGD _b10 _c20160113 _lUCH01 _h1057 |
||
| 590 |
_aE5652GLJ _b05 _c20151215 _lUCH01 _h1112 |
||
| 590 |
_aE5652GLJ _b05 _c20151215 _lUCH01 _h1114 |
||
| 590 |
_aE5652GLJ _b05 _c20151216 _lUCH01 _h0738 |
||
| 590 |
_aE5652GLJ _b05 _c20151216 _lUCH01 _h0816 |
||
| 590 |
_aE5652GLJ _b05 _c20151216 _lUCH01 _h0816 |
||
| 650 | 1 | 4 |
_aGranada _xCultivo y clima _zChile. _9130335 |
| 650 | 1 | 4 |
_aGranada _xFisiología y morfología. _9130336 |
| 650 | 1 | 4 |
_aGranada _xPlagas. _9125692 |
| 650 | 1 | 4 |
_aGranada _xRendimiento. _9130337 |
| 700 | 1 |
_aFrank B., Nicolás _eed. _9130334 |
|
| 700 | 1 |
_aHenríquez S., José Luis _eed. _9130327 |
|
| 830 | 0 |
_aSerie Ciencias Agronómicas _v25 _9130328 |
|
| 901 | _aBK | ||
| 942 | _cLIBRO | ||
| 942 | _n0 | ||
| 999 |
_c108636 _d108636 |
||